000 00706nam a2200193u 4500
999 _c170
_d170
001 6007161
005 20170529115708.0
008 821218s1946 sa c 000 0beng
010 _a 47018288
040 _aDLC
_cCarP
_dDLC
050 0 0 _aDT779.8.H4
_bH4 1946
100 1 _aHeever, Christiaan Maurits van den,
_d1902- [from old catalog]
_931420
245 0 0 _aGeneral J. B. M. Hertzog,
260 _aJohannesburg,
_bPrinted by the A. P. B. bookstore,
_c1946.
300 _a4 p.
_bl., 298, [6] p. front., ports.
_c25 cm.
600 1 0 _aHertzog, James Barry Munnik,
_d1866-1942. [from old catalog]
_931421
906 _a0
_bcbc
_cpremunv
_du
_encip
_f19
_gy-gencatlg
942 _2lcc
_cMONOGRAPH